Recurring Friends Characters - Statistics

General Stats
  • This quiz has been taken 142 times
  • The average score is 39 of 60
Answer Stats
Character % Correct
Jack Geller
94%
Judy Geller
94%
Emma Geller-Green
92%
Phoebe Buffay
92%
Ross Geller
92%
Ben Geller
91%
Chandler Bing
91%
Joey Tribbiani
91%
Monica Geller
91%
Rachel Green
91%
Richard Burke
91%
Susan Bunch
91%
Carol Willick
89%
Gunther
89%
Janice Litman-Goralnik
89%
Mike Hannigan
88%
David
81%
Emily Waltham
80%
Frank Buffay Jr.
80%
Tag Jones
80%
Alice Knight-Buffay
76%
Kathy
76%
Charlie Wheeler
75%
Ursula Buffay
75%
Paul Stevens
74%
Mona
73%
Elizabeth Stevens
67%
Julie
67%
Joshua Burgin
66%
Sandra Green
66%
Janine Lacroix
65%
Erica
64%
Nora Tyler Bing
64%
Paolo
64%
Leonard Green
63%
Mr Heckles
61%
Pete Becker
61%
Charles Bing
59%
Mark Robinson
58%
Estelle Leonard
56%
Frank Buffay Jr Jr.
54%
Gary
53%
Barry Farber
52%
Chandler Buffay
52%
Gavin Mitchell
51%
Leslie Buffay
51%
Eddie Menuek
49%
Mr Treeger
49%
Mr Zelner
49%
Joanna
47%
Bonnie
44%
Sophie
38%
Danny
35%
Marcel
25%
Kate Miller
24%
Phoebe Abbott
21%
Chick
18%
Doug
18%
Dr Long
18%
Duck
18%
No matching quizzes found
Score Distribution
Percent of People with Each Score
Percentile by Number Answered
Your Score History
You have not taken this quiz